000 00486cam a2200193ua 4500
001 1667
008 110714n ii |||gr||||Z||||||eng
020 _a81-225-0091-9
040 _cMAIN
082 _a338.1054
100 1 _aMamoria, C. B.,
245 1 _aAgricultural problems of india
_cby C. B. Mamoria
250 _a1st.
260 _aAllahabad:
_bKitab Mahal,999.
300 _avii; 950p:
_c23cm.
653 _aEconomics
653 _aAgricultural problems of india
942 _cBK
999 _c1554
_d1554